000 00387nam a22001577a 4500
003 MPLRDC
005 20220104113643.0
008 210129b ||||| |||| 00| 0 eng d
082 _a848.3 YS v.10 c.2
100 _a亦舒著
245 _a留英学生日志
_c
260 _a
_b天地图书有限公司
_c1985
300 _b
650 _a现代别集
942 _cBK
_o848.3 YS v.10 c.2
999 _c1316
_d1306